Catálogo - Centro de Recursos para el Aprendizaje y la Investigación

Volver al Sitio - CRAI Biblioteca

La mediación como herramienta de resolución de conflictos en el sistema educativo dominicano: (Registro nro. 113806)

Detalles MARC
000 -CABECERA
campo de control de longitud fija 01522nam a22002897a 4500
001 - NÚMERO DE CONTROL
campo de control 113806
003 - IDENTIFICADOR DEL NÚMERO DE CONTROL
campo de control DR-UNIBE
005 - FECHA Y HORA DE LA ÚLTIMA TRANSACCIÓN
campo de control 20250826163907.0
008 - DATOS DE LONGITUD FIJA--INFORMACIÓN GENERAL
campo de control de longitud fija 250630b2016 dr ||||| |||| 00| 0 spa d
040 ## - FUENTE DE LA CATALOGACIÓN
Centro catalogador/agencia de origen BIBLIOTECA UNIBE
Centro/agencia transcriptor BIBLIOTECA UNIBE
041 ## - CÓDIGO DE LENGUA
Código de lengua del texto/banda sonora o título independiente spa
082 ## - NÚMERO DE LA CLASIFICACIÓN DECIMAL DEWEY
Número de edición 22
Número de clasificación RD 371.202 S161m
100 10 - ENTRADA PRINCIPAL--NOMBRE DE PERSONA
Nombre de persona Salcedo, Adriana
9 (RLIN) 196776
Término indicativo de función/relación autor
100 10 - ENTRADA PRINCIPAL--NOMBRE DE PERSONA
Nombre de persona Jennings, Yves-Renée
9 (RLIN) 196777
Término indicativo de función/relación autor
245 13 - MENCIÓN DE TÍTULO
Título La mediación como herramienta de resolución de conflictos en el sistema educativo dominicano:
Resto del título manual de entrenamiento para facilitadores /
Mención de responsabilidad, etc. Adriana Salcedo, Yves-Renée Jennings
250 ## - MENCIÓN DE EDICIÓN
Mención de edición Primera edición
260 ## - PUBLICACIÓN, DISTRIBUCIÓN, ETC.
Lugar de publicación, distribución, etc. Santo Domingo:
Nombre del editor, distribuidor, etc. Ministerio de Educación. Dirección de Orientación y Psicologia,
Fecha de publicación, distribución, etc. 2016
300 ## - DESCRIPCIÓN FÍSICA
Extensión 115 páginas :
Otras características físicas gráficas, tablas ;
Dimensiones 27 x 21 cm
500 ## - NOTA GENERAL
Nota general Publicación elaborada con el apoyo técnico y financiero de UNICEF
505 ## - NOTA DE CONTENIDO CON FORMATO
Nota de contenido con formato Introducción |<br/>Módulo I: principios teóricos y metodológicos de la resolución de conflictos |<br/>Módulo II: desarrollando competencias para un buen mediador |<br/>Módulo III: estableciendo un sistema de mediación en el ámbito escolar |<br/>Lista de anexos |<br/>Lista de referencias
650 #7 - PUNTO DE ACCESO ADICIONAL DE MATERIA--TÉRMINO DE MATERIA
Fuente del encabezamiento o término lemb
Término de materia o nombre geográfico como elemento de entrada Mediación
9 (RLIN) 5824
650 #7 - PUNTO DE ACCESO ADICIONAL DE MATERIA--TÉRMINO DE MATERIA
Fuente del encabezamiento o término lemb
Término de materia o nombre geográfico como elemento de entrada Solución de conflictos escolares
9 (RLIN) 198768
650 #7 - PUNTO DE ACCESO ADICIONAL DE MATERIA--TÉRMINO DE MATERIA
Fuente del encabezamiento o término lemb
Término de materia o nombre geográfico como elemento de entrada Convivencia
9 (RLIN) 87814
700 #0 - PUNTO DE ACCESO ADICIONAL--NOMBRE DE PERSONA
Nombre de persona Pérez Jiménez, Minerva R.
9 (RLIN) 15376
Término indicativo de función/relación coordinador general
710 10 - PUNTO DE ACCESO ADICIONAL--NOMBRE DE ENTIDAD CORPORATIVA
Nombre de entidad corporativa o nombre de jurisdicción como elemento de entrada Ministerio de Educación. Dirección de Orientación y Psicologia
9 (RLIN) 196782
Término indicativo de función/relación revisión y aportes
942 ## - ELEMENTOS DE PUNTO DE ACCESO ADICIONAL (KOHA)
Fuente del sistema de clasificación o colocación Sistema de Clasificación Decimal Dewey
Tipo de ítem Koha Libro (general)
Existencias
Estado de retiro Estado de pérdida Fuente del sistema de clasificación o colocación No para préstamo Código de colección Localización permanente Fecha de adquisición Total de préstamos Signatura topográfica completa Código de barras Fecha visto por última vez Número de copia Precio válido a partir de Tipo de ítem Koha
  Disponible Sistema de Clasificación Decimal Dewey   General - Libros dominicanos Biblioteca Central UNIBE 07/05/2025   RD 371.202 S161m 250686 30/06/2025 Ej. 1 30/06/2025 Libro (general)